000
00318nam a22001457a 4500
003
SGT
020
_a
81-8061-591-X
082
_a
612.015
_b
M06S
100
_a
SOOD, RAMNIK
245
_a
TEXT BOOK OF MEDICAL TECHNOLOGY
260
_a
DELHI
_b
JAYPEE PUB
_c
2006
300
_a
1280
650
_a
PHARMACY
942
_2
ddc
_c
BK
999
_c
11635
_d
11635